Formel 1 Top 3 Fahrer aus Europa - Statistiken

Allgemein
  • Dieses Quiz wurde 631 mal gespielt
    314 seit der letzten Aktualisierung
  • Das Durchschnittsergebnis liegt bei 32 aus 66
Antwortstatistiken
Antwort Hints % Korrekt
Max Verstappen Niederlande
100%
Lewis Hamilton Großbritannien
99%
Michael Schumacher Deutschland
97%
Ralf Schumacher Deutschland
97%
Sebastian Vettel Deutschland
97%
Fernando Alonso Spanien
95%
Nico Rosberg Deutschland
95%
Keke Rosberg Finnland
94%
Kimi Räikkonen Finnland
92%
Charles Leclerc Monaco
89%
Jenson Button Großbritannien
87%
Lando Norris Großbritannien
87%
Niki Lauda Österreich
85%
Valtteri Bottas Finnland
84%
Alain Prost Frankreich
83%
Mika Häkkinen Finnland
83%
George Russell Großbritannien
76%
Damon Hill Großbritannien
72%
Graham Hill Großbritannien
72%
Nigel Mansell Großbritannien
67%
Robert Kubica Polen
66%
Heinz-Harald Frentzen Deutschland
65%
James Hunt Großbritannien
63%
Alberto Ascari Italien
60%
David Coulthard Großbritannien
58%
Giuseppe Farina Italien
58%
Jochen Rindt Österreich
57%
Gerhard Berger Österreich
56%
Jackie Stewart Großbritannien
54%
Jim Clark Großbritannien
49%
Eddie Irvine Großbritannien
45%
Giancarlo Fisichella Italien
45%
Jean Alesi Frankreich
45%
Jacky Ickx Belgien
43%
Stirling Moss Großbritannien
43%
Mike Hawthorn Großbritannien
40%
Jochen Mass Deutschland
38%
Ronnie Peterson Schweden
38%
Clay Regazzoni Schweiz
37%
Wolfgang von Trips Deutschland
37%
John Surtees Großbritannien
36%
Rene Arnoux Frankreich
33%
Riccardo Patrese Italien
33%
Michele Alboreto Italien
24%
Didier Pironi Frankreich
22%
Thierry Boutsen Belgien
21%
Elio de Angelis Italien
19%
Jacques Laffite Frankreich
19%
Stefan Johansson Schweden
19%
Francois Cevert Frankreich
18%
Tony Brooks Großbritannien
17%
Luigi Fagioli Italien
16%
Patrick Depailler Frankreich
16%
John Watson Großbritannien
15%
Patrick Tambay Frankreich
14%
Karl Kling Deutschland
13%
Peter Collins Großbritannien
13%
Maurice Trintignant Frankreich
12%
Luigi Musso Italien
11%
Piero Taruffi Italien
11%
Luigi Villoresi Italien
10%
Eugenio Castellotti Italien
9%
Jean Behra Frankreich
9%
Innes Ireland Großbritannien
8%
Louis Rosier Frankreich
8%
Olivier Gendebien Belgien
8%
Keine übereinstimmenden Quizze gefunden
Verteilung der Resultate
Anzahl Personen mit jedem Resultat
Perzentil nach korrekt beantworteten Fragen
Ihre Resultats-Entwicklung
Sie haben dieses Quiz seit der letzten Aktualisierung nicht gespielt